Syntéza kinematicko-geometrických charakteristík valcových závitkových súkolesí. /

Saved in:
Bibliographic Details
Main Author: Pažák, Alojz (Author)
Format: Manuscript Book
Published: Košice : Vysoká škola technická v Košiciach, 1975
Tags: Add Tag
No Tags, Be the first to tag this record!

MARC

LEADER 00000ntm a22000003a 4500
001 stu47549
005 20150617225710.5
008 ------s1975----cs----------------------d
040 |a STU  |b slo 
041 0
044 |a cs 
080 |a 621.833.38 
100 1 |a Pažák, Alojz  |4 aut 
245 1 |a Syntéza kinematicko-geometrických charakteristík valcových závitkových súkolesí. /  |c [aut.] mPažák,Alojz 
260 |a Košice :  |b Vysoká škola technická v Košiciach,  |c 1975 
300 |a 81 s 
996 |b J52732  |c J*52732-52733/DOKT.DIZ.  |l JJSK  |s A  |a 24  |w stu47549_0001 
996 |b J52733  |c J*52732-52733/DOKT.DIZ.  |l JJSK  |s A  |a 24  |w stu47549_0002